000 00893cab a2200277 4500
001 ABS55003
008 090401t1996 xxu||||| |||| 00| 0 eng d
035 _a(Sirsi) u13551
041 _aeng
100 _aSmith, G.
245 4 _aThe legacy of town gas - a West Sussex perspective
260 _c1996
350 _a0
490 _aWastes Management
_vApril 1996, 12-13(2)
520 _aLooks at the hazardous contaminants commonly found at former gasworks sites, often found near residential areas. List the location of 21 former gasworks in West Sussex and ratios of soil to contaminants for slight to heavily contaminated land.
650 _aBROWNFIELD SITES
650 _aCOAL GAS
650 _aCONTAMINATED LAND
650 _aGASWORKS SITE
650 _aMETHANE GAS
650 _aTAR WELLS
650 _aTOWN GAS
690 _aLAND
942 _n0
948 _c04/03/1997
999 _c8727
_d8727